Electromagnetic spectrum - GCSE Physics - Statistics

General Stats
  • This quiz has been taken 78 times
  • The average score is 7 of 9
Answer Stats
Question Answer % Correct
Microwave
92%
Gamma
88%
What order is iti? Radio wave
88%
As the spectrum goes to the right, does the frequency decrease or increase? Increase
87%
What about the wavelength? Decrease
85%
X-Ray
82%
Ultraviolet
80%
Visible light
80%
Infared Wave
12%
No matching quizzes found
Score Distribution
Percent of People with Each Score
Percentile by Number Answered
Your Score History
You have not taken this quiz